000 00599nam a2200133Ia 4500
008 171212s9999 xx 000 0 und d
020 _a9781785331244
245 _ceditor Bryant, Rebecca
_aPost-Ottoman Coexistence
_bSharing Space in the Shadow of Conflict
260 _bBerghahn Books
_c2016
440 _aSpace and Place
650 _aSociology
650 _aTurkey -- Social conditions -- 20th century; Turkey -- Social conditions -- 21st century; Middle East -- Social conditions -- 20th century; Middle East -- Social conditions -- 21st century
856 _uhttp://jstor.org/stable/j.ctt1kgqw2h
999 _c351434
_d351434